000
00322nam a2200109Ia 4500
008
171204s9999 xx 000 0 und d
245
_a
Big Data Analytics with Oracle:
245
_c
Cesar Perez
260
_c
2014
650
_x
BUSINESS INTELLIGENCE AND ANALYTICS
856
_u
http://down.ebook777.com/014/9781505818185.pdf
999
_c
347122
_d
347122